Because The Internet - Childish Gambino - Statistics

General Stats
  • This quiz has been taken 12 times
  • The average score is 15 of 19
Answer Stats
Songs Plays Artists % Correct
I. Flight of the Navigator 55,338,472 Childish Gambino
100%
III. Urn 183,694,478 Childish Gambino
100%
I. The Worst Guys 163,208,397 Childish Gambino, Chance the Rapper
100%
V. 3005 1,001,283,957 Childish Gambino
100%
I. Crawl 78,381,374 Childish Gambino
90%
II. Earth: The Oldest Computer (The Last Night) 40,433,520 Childish Gambino, Azalea Banks
90%
III. Life: The Biggest Troll [Andrew Auernheimer] 34,133,357 Childish Gambino
90%
II. Worldstar 69,612,964 Childish Gambino
90%
I. The Party 33,445,739 Childish Gambino
90%
The Library (Intro) 21,384 Childish Gambino
90%
III.Telegraph Ave. ("Oakland" by Lloyd) 175,339,525 Childish Gambino
80%
II. Zealots of Stockholm [Free Information] 42,854,486 Childish Gambino
80%
Playing Around Before the Party Starts 26,940,131 Childish Gambino
80%
I. Pink Toes 73,209,420 Childish Gambino, Jhené Aiko
70%
IV. Sweatpants 450,407,770 Childish Gambino
70%
II. No Exit 29,989,150 Childish Gambino
60%
II. Shadows 54,429,014 Childish Gambino
60%
Dial Up 27,270,819 Childish Gambino
50%
Death By Numbers 21,179,916 Childish Gambino
40%
No matching quizzes found
Score Distribution
Percent of People with Each Score
Percentile by Number Answered
Your Score History
You have not taken this quiz